000
00321pab a2200133 454500
008
180718b1989 xxu||||| |||| 00| 0 eng d
245
_a
Special issue on leadership and motivation
260
_c
1989
300
_a
235-369
362
_a
Sept.-Dec.
650
_a
Leadership
773
_a
Public Enterprise
909
_a
12398
999
_c
12398
_d
12398